| 000 | 01008nam a2200241 a 4500 | ||
|---|---|---|---|
| 001 | 000010689 | ||
| 005 | 20240307073945.0 | ||
| 008 | 091009s1987 dr a r 000 0 spa d | ||
| 040 |
_aDO-SdBNP _bspa _cBNPHU |
||
| 082 |
_a616.075 _bB844d |
||
| 100 | 1 |
_aBretón Holguín, Salvador, _d1951- _925884 |
|
| 245 | 1 | 3 |
_aEl diagnóstico médico como un proceso científico / _cSalvador Bretón Holguín; prólogo Rafael Kasse Acta. |
| 260 |
_aSanto Domingo : _bUASD, _c1987. |
||
| 300 |
_a53 p. : _bil. ; _c21 cm. |
||
| 490 | 1 |
_aPublicaciones de la Universidad Autónoma de Santo Domingo; _v573 _aArte y sociedad _v13 |
|
| 500 | _aBibliografía : p. 53 | ||
| 500 | _aIncluye datos biográficos del autor en la contracubierta | ||
| 650 | 4 |
_aPronóstico medico _921019 |
|
| 650 | 4 |
_aDiagnóstico _93267 |
|
| 700 | 1 |
_aKasse Acta, Rafael, _epról. _925885 |
|
| 710 | 1 |
_aUniversidad Autónoma de Santo Domingo _972951 |
|
| 830 | 0 |
_aPublicaciones de la Universidad Autónoma de Santo Domingo _n573 _pArte y sociedad; 13 _925886 |
|
| 999 |
_c10444 _d10444 |
||